Bankrot členskej krajiny eurozóny? Nič nové pod slnkom
Vyhlásenie neschopnosti uhrádzať svoje záväzky zo strany štátu - historiský pohľad. Model na zhodnotenie krajín. Schopnosť predvídať budúce problémy krajín.
Saved in:
| Main Author: | |
|---|---|
| Format: | Book Chapter |
| Language: | Slovak |
| Subjects: | |
| Tags: |
No Tags, Be the first to tag this record!
|
MARC
| LEADER | 00000naa a2200000 4500 | ||
|---|---|---|---|
| 001 | 0121726 | ||
| 005 | 20230831115355.0 | ||
| 041 | 0 | |a slo | |
| 044 | |a SK | ||
| 245 | 1 | 0 | |a Bankrot členskej krajiny eurozóny? Nič nové pod slnkom |c Michal Májek |
| 520 | |a Vyhlásenie neschopnosti uhrádzať svoje záväzky zo strany štátu - historiský pohľad. Model na zhodnotenie krajín. Schopnosť predvídať budúce problémy krajín. | ||
| 610 | 2 | 0 | |a eurozóna |
| 610 | 2 | 0 | |a bankrot |
| 610 | 2 | 0 | |a štát |
| 610 | 2 | 0 | |a insolventnosť |
| 610 | 2 | 0 | |a kríza hospodárska |
| 610 | 2 | 0 | |a kríza finančná |
| 100 | 1 | |a Májek, Michal | |